| 000 | 00704nam a22002057a 4500 | ||
|---|---|---|---|
| 003 | 0 | ||
| 005 | 20251021100816.0 | ||
| 008 | 251021b xxu||||| |||| 00| 0 eng d | ||
| 020 | _a978-1-032-63872-0 | ||
| 050 |
_aHD 1394 _b.Ab26 2025 |
||
| 100 |
_aAbolarinwa, Yewande Adewunmi-, _eauthor. |
||
| 245 |
_aStrategic and sustainable management of workplace facilities / _cYewande Adewunmi-Abolarinwa. |
||
| 260 |
_aNew York, NY : _bRoutledge, _c2025. |
||
| 300 |
_axviii, 294 pages : _billustrations ; _c25 cm. |
||
| 504 | _aIncludes bibliographical references and index. | ||
| 650 | _aFacilities management. | ||
| 650 |
_aWorkplace _xManagement. |
||
| 650 | _aSustainable development. | ||
| 942 |
_2lcc _cBK |
||
| 999 |
_c368305 _d368305 |
||